Osobitosti neziskových účtovných jednotiek ako subjektov verejnej správy diplomová práca

Na minha lista:
Detalhes bibliográficos
Autor principal: Trenčanská, Martina
Autor Corporativo: Fakulta hospodárskej informatiky EU. Katedra účtovníctva a audítorstva
Outros Autores: Kordošová, Alena, 1970-
Formato: Livro
Idioma:eslovaco
Publicado em: Bratislava 2022
Tags: Adicionar Tag
Sem tags, seja o primeiro a adicionar uma tag!

MARC

LEADER 00000nbm a2200000 4500
001 0284449
005 20230320091548.9
041 0 |a slo 
044 |a SK 
245 1 0 |a Osobitosti neziskových účtovných jednotiek ako subjektov verejnej správy  |b diplomová práca  |c Martina Trenčanská ; školiteľ: Alena Kordošová 
264 1 |a Bratislava  |c 2022 
300 |a 78 s. 
100 1 |a Trenčanská, Martina 
700 1 |a Kordošová, Alena, 1970- 
710 2 |a Fakulta hospodárskej informatiky EU. Katedra účtovníctva a audítorstva